000
00328nam a2200145Ia 4500
008
230917s9999||||xx |||||||||||||| ||und||
040
_e
46707
_a
MAIN
041
_a
English
082
_a
410 C889L
100
_a
Crystal, David
245
0
_a
Linguistics
260
_a
England
_b
Penguin
_c
1977
300
_a
267 p.
942
_c
BK
999
_c
182507
_d
182507